000 00942nam a2200241 i 4500
001 169134
003 ES-MaACL
005 20250812062538.0
008 080819s1955 sp f |||| | spa d
080 _a282:308
100 1 _aHeer, Friedrich.
_962306
245 1 0 _aActitud del cristiano al comienzo de la era atómica /
_cFriedrich Heer.
260 _aMadrid :
_bAteneo,
_c1955.
300 _a63 p. :
_b1 lám. ;
_c19 cm.
490 1 _aColección "O crece o muere" ;
_v95
500 _aEl original fue dado a conocer por el autor en el Ateneo de Madrid dentro del ciclo "Tendencias actuales del pensamiento europeo", el día 12 de abril de 1955.
610 2 7 _aAteneo de Madrid-
_vConferencias-
_y1940-1982.
_91908
650 7 _aIglesia y problemas sociales
_2embne
_913569
830 0 0 _aColección "O crece o muere"
_v95
_9183476
852 _aES-MaACL
_jJ-24(95)
852 _aES-MaACL
_jJ-25(95)
999 _c169134
_d169134